Normal view
MARC view
Entry Personal Name
001 - CONTROL NUMBER
- control field: 163147
003 - CONTROL NUMBER IDENTIFIER
- control field: OSt
005 - DATE AND TIME OF LATEST TRANSACTION
- control field: 20220923213755.0
008 - FIXED-LENGTH DATA ELEMENTS
- fixed length control field: 220923|| aca||aabn | a|a d
040 ## - CATALOGING SOURCE
- Original cataloging agency: OSt
- Transcribing agency: OSt
100 ## - HEADING--PERSONAL NAME
- Personal name: पाण्डेय, जगदीश प्रसाद, पीयूष
670 ## - SOURCE DATA FOUND
- Source citation: Work cat.: (OSt)318899: पाण्डेय, जगदीश प्रसाद, पीयूष, रामनरेश त्रिपाठी, 1974
